Braque : une association pour défendre des usagers particuliers… (notice n° 1640307)

détails MARC
000 -LEADER
fixed length control field 01041cam a2200253 4500500
005 - DATE AND TIME OF LATEST TRANSACTION
control field 20260201082815.0
041 ## - LANGUAGE CODE
Language code of text/sound track or separate title fre
042 ## - AUTHENTICATION CODE
Authentication code dc
100 10 - MAIN ENTRY--PERSONAL NAME
Personal name Fédou, Alain
Relator term author
245 00 - TITLE STATEMENT
Title Braque : une association pour défendre des usagers particuliers…
260 ## - PUBLICATION, DISTRIBUTION, ETC.
Date of publication, distribution, etc. 2007.<br/>
500 ## - GENERAL NOTE
General note 43
520 ## - SUMMARY, ETC.
Summary, etc. RésuméPrésentation d’une association de patients d’un centre hospitalier spécialisé, créée à la suite de l’explosion d’ azf, qui se donne pour objectifs de défendre et de promouvoir les droits des plus démunis, des plus dépendants, du fait de la maladie mentale ou du handicap.
690 ## - LOCAL SUBJECT ADDED ENTRY--TOPICAL TERM (OCLC, RLIN)
Topical term or geographic name as entry element association
690 ## - LOCAL SUBJECT ADDED ENTRY--TOPICAL TERM (OCLC, RLIN)
Topical term or geographic name as entry element catastrophe d'azf
690 ## - LOCAL SUBJECT ADDED ENTRY--TOPICAL TERM (OCLC, RLIN)
Topical term or geographic name as entry element citoyenneté
690 ## - LOCAL SUBJECT ADDED ENTRY--TOPICAL TERM (OCLC, RLIN)
Topical term or geographic name as entry element maladie mentale
690 ## - LOCAL SUBJECT ADDED ENTRY--TOPICAL TERM (OCLC, RLIN)
Topical term or geographic name as entry element psychiatrie
700 10 - ADDED ENTRY--PERSONAL NAME
Personal name Gélis, Patrick
Relator term author
700 10 - ADDED ENTRY--PERSONAL NAME
Personal name Vignes, Jean
Relator term author
700 10 - ADDED ENTRY--PERSONAL NAME
Personal name Rajablat, Marie
Relator term author
786 0# - DATA SOURCE ENTRY
Note Empan | 64 | 4 | 2007-03-22 | p. 95-96 | 1152-3336
856 41 - ELECTRONIC LOCATION AND ACCESS
Uniform Resource Identifier <a href="https://shs.cairn.info/revue-empan-2006-4-page-95?lang=fr&redirect-ssocas=7080">https://shs.cairn.info/revue-empan-2006-4-page-95?lang=fr&redirect-ssocas=7080</a>

Pas d'exemplaire disponible.

PLUDOC

PLUDOC est la plateforme unique et centralisée de gestion des bibliothèques physiques et numériques de Guinée administré par le CEDUST. Elle est la plus grande base de données de ressources documentaires pour les Étudiants, Enseignants chercheurs et Chercheurs de Guinée.

Adresse

627 919 101/664 919 101

25 boulevard du commerce
Kaloum, Conakry, Guinée

Réseaux sociaux

Powered by Netsen Group @ 2025